000 00961nam0a22002771 4500
001 rc\3043090
005 20250806202044.0
035 _a(NLR Aleph) 007183038
090 _a52923
_c52923
100 _a20111006d1941 u y0rusy50 ca
101 0 _arus
102 _aRU
105 _aa z |||||
200 1 _aВопросы лесной таксации
210 _aЛенинград
_cГослестехиздат
_d1941
215 _a130 с.
_cтабл., граф., схем.
_d21 см
225 1 _aСборник трудов
_fНаркомлес СССР. Центр. науч.-исслед. ин-т лесного хозяйства
_v17
300 _aТит. л. и обл. на рус. и англ. яз.
801 0 _aRU
_bNLR
_gpsbo
801 1 _aRU
_bELAR
_2rusmarc
852 _aNLR
_jС60 В-5/7(17)
942 _cBOOK
945 _aРоссийская национальная библиотека
980 _aNB
980 _aBV